| 000 | 00431nam a2200181Ia 4500 | ||
|---|---|---|---|
| 001 | 10305 | ||
| 005 | 20260306161822.0 | ||
| 008 | 260306t1993||||xx |||||||||||||| ||spa|| | ||
| 041 | _aESP | ||
| 082 |
_a918.5 _bH41 T. 2 |
||
| 100 |
_aHerndon, William Lewis _eAUT |
||
| 245 | 0 | _aExploración del valle del Amazonas | |
| 260 | _c1993 | ||
| 300 |
_apágs. : _ccm. |
||
| 650 | _aGEN | ||
| 654 | _aCHU | ||
| 942 |
_cLIB _dJUS _fJUS _2ddc _n |
||
| 999 |
_c10305 _d10305 |
||